|
|
|
|
| LEADER |
01003nam a22002652a 4500 |
| 001 |
000188381 |
| 003 |
CZ BrMZK |
| 005 |
19970107143423.0 |
| 008 |
970107s1994 xo f slo d |
| 020 |
|
|
|a 80-967060-1-2
|
| 040 |
|
|
|a BOA001
|b cze
|
| 080 |
|
|
|a 943.7"1939/1945":378.18(437)
|2 MRF
|
| 080 |
|
|
|a 378.18(437):323.2(437)"1939/1945"
|2 MRF
|
| 080 |
|
|
|a 378.18(437):943.7"1939/1945"
|2 MRF
|
| 100 |
1 |
|
|a Leikert, Jozef,
|d 1955-
|7 jn19990009654
|
| 245 |
1 |
0 |
|a A deň sa vrátil :
|b (čo nasledovalo po 17. novembri 1939) /
|c Jozef Leikert
|
| 250 |
|
|
|a 1. vyd.
|
| 260 |
|
|
|a Bratislava :
|b Astra,
|c 1994
|
| 300 |
|
|
|a 448 s., il. příl.
|
| 910 |
|
|
|a BOA001
|b PK-0122.551
|
| 964 |
|
|
|a Studenti škol vysokých - persekuce nacistická - vzpomínky
|
| 964 |
|
|
|a Válka světová 2. - studenti čeští - persekuce - vzpomínky
|
| 964 |
|
|
|a Listopad sedmnáctý 1939 - události - výklady
|
| 990 |
|
|
|a BK
|
| 996 |
7 |
|
|b 3119948213
|c PK-0122.551
|l MZK
|r Sklad / do 1 hodiny
|n 12
|w 000188381
|u 000010
|a 1
|e BOA001
|j MZK50
|s A
|